MARC

LEADER 00000nam0a2200000 4500
001 271853
005 20231101234457.0
035 |a (RuTPU)RU\TPU\book\295056 
090 |a 271853 
100 |a 20141013d1987 k y0rusy50 ca 
101 0 |a rus 
102 |a RU 
105 |a a z 001zy 
200 1 |a Синтез диагностируемых схем вычислительных устройств  |f А. П. Горяшко 
210 |a Москва  |c Наука  |d 1987 
215 |a 288 с.  |c ил. 
320 |a Библиогр.: с. 276-283 
320 |a Предметный указатель: с. 284-287 
606 1 |a Вычислительные системы  |x Исследование  |2 stltpush  |3 (RuTPU)RU\TPU\subj\4300  |9 32586 
610 1 |a логические функции 
610 1 |a диагностирование 
610 1 |a неисправности 
610 1 |a тесты 
610 1 |a задачи 
610 1 |a диагностическое расширение 
610 1 |a схемы 
610 1 |a классы 
610 1 |a проектирование 
675 |a 681.324.001  |v 3 
700 1 |a Горяшко  |b А. П.  |g Александр Петрович 
801 1 |a RU  |b 63413507  |c 20141013 
801 2 |a RU  |b 63413507  |c 20161212  |g RCR 
942 |c BK